000 00457pab a2200157 454500
008 180718b2006 xxu||||| |||| 00| 0 eng d
100 _aChakravarty, Deepita
245 _aGrowing services in India: an inter-sectoral analysis based on state-level data
260 _c2006
300 _ap.3061-067.
362 _a8 Jul
650 _aService industries - India
650 _aService industries
773 _aEconomic and Political Weekly
909 _a70450
999 _c70450
_d70450